The association between organizational culture and leadership behaviour and organizational commitment, job satisfaction and employee performance : a Malaysian perspective /
محفوظ في:
| المؤلف الرئيسي: | |
|---|---|
| التنسيق: | أطروحة كتاب |
| اللغة: | English |
| منشور في: |
2008.
|
| الموضوعات: | |
| الوصول للمادة أونلاين: | http://dspace.fsktm.um.edu.my/handle/1812/754 |
| الوسوم: |
إضافة وسم
لا توجد وسوم, كن أول من يضع وسما على هذه التسجيلة!
|
| LEADER | 01352cam a2200301 a 4500 | ||
|---|---|---|---|
| 001 | u767444 | ||
| 003 | SIRSI | ||
| 005 | 200903201554 | ||
| 008 | 090320s2008 my t 000 0 eng m | ||
| 040 | |a UMK |d UMM | ||
| 043 | |a a-my--- | ||
| 090 | |a HF1008 |b UM 2008 Lee | ||
| 098 | |a HF1008 |b UM 2008 Lee | ||
| 100 | 1 | |a Lee, Huey Yiing. | |
| 245 | 1 | 4 | |a The association between organizational culture and leadership behaviour and organizational commitment, job satisfaction and employee performance : |b a Malaysian perspective / |c Lee Huey Yiing. |
| 260 | |c 2008. | ||
| 300 | |a viii, 72, [10] leaves : |b ill. ; |c 30 cm. | ||
| 502 | |a Dissertation (M.B.A.) -- Jabatan Dasar dan Strategi Perniagaan, Fakulti Perniagaan dan Perakaunan, Universiti Malaya, 2008. | ||
| 504 | |a Bibliography: leaves 60-72. | ||
| 650 | 0 | |a Organizational behavior |z Malaysia. | |
| 650 | 0 | |a Job satisfaction |z Malaysia. | |
| 650 | 0 | |a Organizational commitment |z Malaysia. | |
| 710 | 2 | |a Universiti Malaya. |b Jabatan Dasar dan Strategi Perniagaan. | |
| 856 | 4 | 1 | |u http://dspace.fsktm.um.edu.my/handle/1812/754 |
| 900 | |a ZSA-ZA | ||
| 596 | |a 1 19 | ||
| 999 | |a HF1008 UM 2008 LEE |w LC |c 1 |i A513448737 |d 7/11/2009 |f 7/11/2009 |g 1 |l STACKS |m P19KOTA |r Y |s Y |t TESIS |u 7/11/2009 | ||
| 999 | |a HF1008 UM 2008 LEE |w LC |c 1 |i A513448493 |d 8/11/2016 |e 8/11/2016 |f 7/5/2010 |g 1 |l STACKS |m P01UTAMA |n 18 |r Y |s Y |t TESIS |u 7/5/2010 | ||
